Representations of Lie algebras and the problem of noncommutative integrability of linear differential equations; Soviet Physics Journal; Vol. 34, iss. 4

Detalles Bibliográficos
Parent link:Soviet Physics Journal: Scientific Journal
Vol. 34, iss. 4.— 1991.— [P. 360-364]
Autor Principal: Shapovalov A. V. Aleksandr Vasilyevich
Outros autores: Shirokov I. V.
Summary:Title screen
An algorithm is proposed for integrating linear partial differential equations with the help of a special set of noncommuting linear differential operators - an analogue of the method of noncommutative integration of finite-dimensional Hamiltonian systems. The algorithm allows one to construct a parametric family of solutions of an equation satisfying the requirement of completeness. The case is considered when the noncommutative set of operators form a Lie algebra. An essential element of the algorithm is the representation of this algebra by linear differential operators in the space of parameters. A connection is indicated of the given method with the method of separation of variables, and also with problems of the theory of representations of Lie algebras. Let us emphasize that on the whole the proposed algorithm differs from the method of separation of variables, in which sets of commuting symmetry operators are used
Режим доступа: по договору с организацией-держателем ресурса
Idioma:inglés
Publicado: 1991
Subjects:
Acceso en liña:http://link.springer.com/article/10.1007%2FBF00898104
Formato: MixedMaterials Electrónico Capítulo de libro
KOHA link:https://koha.lib.tpu.ru/cgi-bin/koha/opac-detail.pl?biblionumber=636625

MARC

LEADER 00000nla0a2200000 4500
001 636625
005 20250401093630.0
035 |a (RuTPU)RU\TPU\network\655 
035 |a RU\TPU\network\654 
090 |a 636625 
100 |a 20140220d1991 k||y0rusy50 ba 
101 0 |a eng 
102 |a US 
135 |a drnn ---uucaa 
181 0 |a i  
182 0 |a b 
200 1 |a Representations of Lie algebras and the problem of noncommutative integrability of linear differential equations  |f A. V. Shapovalov, I. V. Shirokov 
203 |a Text  |c electronic 
300 |a Title screen 
320 |a [References: p. 364 (8 tit.)] 
330 |a An algorithm is proposed for integrating linear partial differential equations with the help of a special set of noncommuting linear differential operators - an analogue of the method of noncommutative integration of finite-dimensional Hamiltonian systems. The algorithm allows one to construct a parametric family of solutions of an equation satisfying the requirement of completeness. The case is considered when the noncommutative set of operators form a Lie algebra. An essential element of the algorithm is the representation of this algebra by linear differential operators in the space of parameters. A connection is indicated of the given method with the method of separation of variables, and also with problems of the theory of representations of Lie algebras. Let us emphasize that on the whole the proposed algorithm differs from the method of separation of variables, in which sets of commuting symmetry operators are used 
333 |a Режим доступа: по договору с организацией-держателем ресурса 
461 |t Soviet Physics Journal  |o Scientific Journal 
463 |t Vol. 34, iss. 4  |v [P. 360-364]  |d 1991 
610 1 |a электронный ресурс 
610 1 |a труды учёных ТПУ 
700 1 |a Shapovalov  |b A. V.  |c mathematician  |c Professor of Tomsk Polytechnic University, Doctor of physical and mathematical sciences  |f 1949-  |g Aleksandr Vasilyevich  |3 (RuTPU)RU\TPU\pers\31734 
701 1 |a Shirokov  |b I. V. 
801 2 |a RU  |b 63413507  |c 20180306  |g RCR 
856 4 |u http://link.springer.com/article/10.1007%2FBF00898104 
942 |c CF